Gifted at a glance : a guide for parents /

Bibliographic Details
Other Authors: Bugaj, Steve, Manning, Randall L., Miller, Richard C.
Format: Book
Language:English
Published: [Hollidaysburg, Pa.] : Appalachia Intermediate Unit #08, 1980.
Subjects:

MARC

Tag First Indicator Second Indicator Subfields
LEADER 00000cam a2200000 a 4500
001 in00000070246
005 20151008061647.0
008 820219s1980 pau 00000 eng d
035 |a (OCoLC)08173670 
035 |9 AAJ8540AM 
040 |a TJC  |c TJC  |d TXA  |d UtOrBLW 
049 |a TXAM  |c [444307] 
090 |a HQ773.5  |b .G537 
245 0 0 |a Gifted at a glance :  |b a guide for parents /  |c edited by Steve Bugaj in cooperation with Randall L. Manning and Richard C. Miller, Jr. 
264 1 |a [Hollidaysburg, Pa.] :  |b Appalachia Intermediate Unit #08,  |c 1980. 
300 |a iv, 78 pages :  |b illustrations ;  |c 22 cm. 
336 |a text  |b txt  |2 rdacontent 
337 |a unmediated  |b n  |2 rdamedia 
338 |a volume  |b nc  |2 rdacarrier 
500 |a Cover title: Gifted at a glance : a guide for parents & teachers. 
504 |a Bibliography: pages 74-78. 
650 0 |a Gifted children. 
650 0 |a Gifted children  |x Education. 
650 0 |a Parent and child. 
700 1 |a Bugaj, Steve. 
700 1 |a Manning, Randall L. 
700 1 |a Miller, Richard C. 
999 |a MARS 
999 f f |s b3547537-7116-3231-94fb-4b631918d84a  |i 2e845351-21d2-3619-adef-60d4a8624ae3  |t 0 
952 f f |p ric  |a Texas A&M University  |b Rellis Campus  |c Joint Library Facility  |d Remote Storage  |t 0  |e HQ773.5 .G537  |h Library of Congress classification  |i unmediated -- volume  |m A14806142491 
998 f f |a HQ773.5 .G537  |t 0  |l Remote Storage